| 000 | 00776nam a22002057a 4500 | ||
|---|---|---|---|
| 999 |
_c7388 _d7388 |
||
| 003 | AR-CdUCM | ||
| 008 | 190320b ||||| |||| 00| 0 spa d | ||
| 040 |
_aMUNICIPALIDAD PROVINCIAL DEL CUSCO _cBIBLIOTECA MUNICIPAL DEL CUSCO |
||
| 082 |
_a517.071 / _bK61 |
||
| 100 |
_aKleppner, Daniel _920822 |
||
| 245 |
_aCurso de cálculo rápido : _bManual de auto-instrucción de cálculo diferencial e integral / |
||
| 260 |
_aMéxico : _bLimusa-Wiley _c1968. |
||
| 300 |
_a303 paginas ; _c23 cm. |
||
| 505 | _aContenido :Calculo diferencial -- Calculo integral -- El área bajo una curva -- Derivadas de orden superior ... | ||
| 650 |
_aCálculo integral _920823 |
||
| 650 |
_aCálculo diferencia _920824 |
||
| 700 |
_aRamsey, Norman _920825 |
||
| 942 |
_2ddc _cLIBROS |
||
| 945 | _arum | ||